=LDR 00000nam 2200000 4500 =001 000856 =005 20250712091649 =035 ##$$a 0010-0725000731 =007 ta =008 250712################a##########0#ind## =020 ##$$a 978-623-307-506-0 =082 ##$$a 398.209 598 =084 ##$$a 398.209 598 EI a =100 #$$a Eipe, Rajiv =245 1#$$a ayo, menyelam bersama kami! /$c Rajiv Eipe =250 ##$$a Pertama =260 ##$$a Jakarta :$b Badan pengembangan dan pembinaan,$c 2022 =300 ##$$a 22HLM. : $b ilus. ; $c 21,5 cm =650 #4$$a Cerita anak Indonesia terjemahan =650 #4$$a Literasi bahan bacaan =990 ##$$a TBM202400793